000 00847nam a2200229Ii 4500
003 JO-AjNU
008 230605s9999||||xx |||||||||||||| ||und||
017 _a2006/11/3163
020 _a200611/3163
040 _aJO-AjNU
_bara
_erda
_cJO-AjNU
041 _aara
050 1 4 _aQ180.A7.B376.2007
100 3 _aالبطش، محمد وليد ، م مشارك فريد كامل ابو زينة ,
_eauthor
_946506
245 0 0 _aمناهج البحث العلمي تصميم البحث والتحليل الإحصائي
250 _aط1
264 3 1 _aعمان: دار المسيرة، 2007
300 _a464ص
_bملحق من صفحة 459-464
336 _atext
_btxt
_2rdacontent
337 _aunmediated
_bn
_2rdamedia
338 _avolume
_bnc
_2rdacarrier
650 4 _aالبحث - طرق البحث - الطرق الاحصائية
_946507
999 _aA20237
_c23805
_d23805